000 01541nam0a22002771 4500
001 rc\321027
005 20260407125029.0
035 _a(NLR Aleph) 005555421
090 _a5855041
_c5855041
100 _a20030307d1989 |||y0rusy50 ca
101 0 _arus
102 _aRU
105 _ay |||||||||
200 1 _aСборник управленческих ситуаций и задач по дисциплине "Организация управления на автомобильном транспорте"
_e(Определение экон. эффективности организационных проектов)
_eДля студентов спец. "Экономика и упр. на транспорте" - 07.11
_fГос. ком. СССР по нар. образованию, Моск. ин-т упр. им. Серго Орджоникидзе
_g[Сост. проф. Л.А. Александров, Г.Л. Шарова. Л.А. Зинина]
210 _aМ.
_cМИУ
_d1989
215 _a32 с.
_d20
320 _aБиблиогр.: с. 31
700 1 _aЗинина
_bЛ.А.
_gЛюдмила Анатольевна
701 1 _aАлександров
_bЛ.А.
_gЛеонид Афанасьевич
701 1 _aШарова
_bГ.Л.
_gГалина Леонидовна
712 0 2 _aМосковский институт управления им. С. Орджоникидзе
_9433193
_3RU\NLR\AUTH\889968408
801 0 _aRU
_bNLR
_gpsbo
801 1 _aRU
_bELAR
_2rusmarc
852 _aNLR
_j90-4/17939
942 _cBOOK
980 _aNB